| 000 | 00592nam a2200193 a 4500 | ||
|---|---|---|---|
| 005 | 20240913063819.0 | ||
| 008 | 991125s1943 mx 000 0 spa u | ||
| 035 | _aUPN01000001340 | ||
| 049 | _aCG | ||
| 050 | 4 |
_aJC433 _bL4.28 |
|
| 100 | 1 | _aLerner, Max | |
| 245 | 1 | 0 |
_aAhora o nunca : _bde la necesidad de una democracia militante / _cMax Lerner ; tr. Teodoro Ortiz. |
| 260 |
_aMéxico : _bFCE, _c1943. |
||
| 300 | _a348 p. | ||
| 440 | 0 |
_aSección de obras de ciencia política. _pCuestiones del día ; _v4 |
|
| 650 | 4 |
_aDemocracia _96020 |
|
| 650 | 2 |
_aPolítica social _91450 |
|
| 905 | _aLibro | ||
| 999 |
_c1340 _d1340 |
||